000
00306nam a22001337a 4500
008
210309b ||||| |||| 00| 0 eng d
041
_a
eng
080
_a
159.9
082
_2
159.9
100
_a
48
101
_a
PSI
245
_a
Medical school Physiology
_c
Richard Clark , Shane Cuhna
942
_2
udc
_c
BK
999
_c
56107
_d
56107